01017nam a2200241Ia 4500003000400000005001700004008004100021020001800062040001800080041000800098082002200106100004000128245017300168250001200341260004400353300002800397650004100425650004500466650004200511942003200553999001900585952017100604OSt20250304090928.0210716s2017 xx 000 0 und d a9781787124417 cAIMIT LIBRARY aeng a006.671 22bGONJ aGonzalez, Javier Fernandez.9203568 aJava 9 concurrency cookbook : bmaster the art of fast effective java development with the power of concurrent and parallel programming /cBy Javier Fernandez Gonzalez. a2nd ed. aMumbai :bPackt Publishing Ltd ,c2017. axv,565p. ;bPBc24.1 cm aBasic thread synchronization9203569 aThread synchronization utilities9203570 aParallel and reactive streams9203571 2ddccBKe2nd k006.671 GONJ c196808d196808 00102ddc40708MCAaAIMITbAIMITeKnowledge Worldg1399.00iBill no:603; Bill dt:2019-01-28l0o006.671 GONJpMCA16323r2026-05-23 00:00:00v1049.25w2021-07-16yBK